000 00838nam a2200241 i 4500
001 bg
100 1 _aJanowski, Jacek.
245 1 0 _aKontrakty elektroniczne w obrocie prawnym /
_cJacek Janowski.
260 _aWarszawa :
_bWydawnictwo Prawnicze LexisNexis,
_c2008.
300 _a326 s. ;
_c21 cm.
504 _aBibliogr. s. 322-326.
521 _aDla osób zawierających umowy drogą elektroniczną oraz prawników praktyków.
650 9 _aUmowa elektroniczna
_xprawo
_ystan na 2007 r.
020 _a9788373349780
040 _cBPK
041 _apol
044 _aPOL
080 _a347.44:346:004.738.5:004.772
920 _a978-83-7334-978-0
942 _cKS
008 090519s2008 pl l |000 0 pol
999 _c56394
_d56394
856 _uhttp://koha.tu.koszalin.pl/cgi-bin/koha/opac-detail.pl?biblionumber=56394
_yKatalog online BPK